Statistics for Taylor Swift - Say Don't Go

Click here to take the quiz!

General Stats

  • This quiz has been taken 14 times
  • The average score is 397 of 422

Answer Stats

Answer% Correct
a
100%
And
100%
and
100%
away
100%
bleedin'
100%
dark
100%
(why'd
100%
(don't)
100%
don't
100%
for
100%
forever
100%
go
100%
(go)
100%
has
100%
have
100%
"I
100%
(I
100%
I
100%
if
100%
I'm
100%
in
100%
it
100%
Just
100%
just
100%
knife
100%
lead
100%
leave
100%
me
100%
night
100%
no
100%
not
100%
Now
100%
Oh
100%
oh
100%
on
100%
(Say)
100%
(say)
100%
say
100%
(say say say say)
100%
screamin'
100%
silence
100%
stay
100%
The
100%
the
100%
to)
100%
to
100%
twist
100%
wait
100%
waiting
100%
Walk
100%
whisper
100%
Why'd
100%
(why'd
100%
would
100%
you)
100%
you"
100%
you")
100%
You
100%
you
100%
your
100%
alone
89%
back
89%
But
89%
but
89%
close
89%
darkest
89%
from
89%
I've
89%
known
89%
love
89%
Make
89%
(make
89%
nothin'
89%
out
89%
pacin'
89%
standin'
89%
start
89%
stop
89%
tightrope
89%
very
89%
want
89%
way
89%
won't
89%
bit
78%
breath
78%
Fading
78%
Give
78%
ground
78%
Half
78%
hold
78%
holdin'
78%
hope
78%
into
78%
is
78%
little
78%
longer
78%
madness
78%
match
78%
my
78%
sadness
78%
said
78%
shaky
78%
shot
78%
Strike
78%
unarmed
78%
We're
78%
blow
67%
door
67%
it's
67%
stops
67%
then
67%
there
67%
you're
67%
fair
56%
kiss
56%
time
56%
about
44%
by
44%
cards
44%
Cause
44%
drive
44%
mine
44%
show
44%
sidewalk
44%
that
44%
yours
44%
fold
33%
see
33%
trying
33%
unless
33%
(say say say say)
11%

Score Distribution

Percentile by Number Answered

Percent of People with Each Score

Your Score History

You have not taken this quiz